| 000 | 01778cam a2200253 a 4500 | ||
|---|---|---|---|
| 001 | 1683271 | ||
| 003 | CaAEU | ||
| 005 | 20250321173823.0 | ||
| 008 | 950323s1994 enka b 001 0 eng u | ||
| 010 | _a 93030539 | ||
| 020 | _a9780198289876 | ||
| 035 | _aocm28710857 | ||
| 040 |
_aDLC _beng _cDLC _dDLC _dAEU |
||
| 041 | _aeng | ||
| 050 | 0 | 0 |
_aHD2741 _b.C457 1994 |
| 100 |
_aCharkham, Jonathan P. _924981 _eauthor |
||
| 245 | 1 | 0 |
_aKeeping good company _b: a study of corporate governance in five countries _c/ Jonathan P. Charkham. |
| 260 |
_aOxford : _bClarendon Press ; _aNew York, NY : _bOxford University Press, _c1994. |
||
| 300 |
_axvii, 389 pages : _billustrations ; _c24 cm. |
||
| 504 | _aIncludes bibliographical references (p. [374]-379) and index. | ||
| 520 | _aCorporate governance, the role played by the board of directors, has changed dramatically in recent years, as boards become more assertive in their watchdog function. In Keeping Good Company, Jonathan Charkham--whom The Financial Times of London recently dubbed "Mr. Corporate Governance"--provides an insightful comparative study of corporate governance in five major industrial powers: Japan, Germany, France, the United Kingdom, and the United States. Charkham points out that the best systems seem to be collegial in style, and that contrary to the saying that the best committees are committees of one, group management is actually the most efficient way of running a large and complex operation. This book brilliantly demonstrates that a sound framework for the exercise of corporate power is an economic necessity. It will be essential reading for all top executives, especially those working for multinational corporations. | ||
| 650 | 0 |
_aCorporate governance _vCase studies _97704 |
|
| 942 | _2lcc | ||
| 999 |
_c4561 _d4561 |
||